Technology in rail transport management / (Record no. 234858)

000 -LEADER
fixed length control field 01656cam a2200409 a 4500
001 - CONTROL NUMBER
control field 16215588
003 - CONTROL NUMBER IDENTIFIER
control field Nust
005 - DATE AND TIME OF LATEST TRANSACTION
control field 20170331121538.0
008 - FIXED-LENGTH DATA ELEMENTS--GENERAL INFORMATION
fixed length control field 100504s2010 ii ab b 001 0 eng d
010 ## - LIBRARY OF CONGRESS CONTROL NUMBER
LC control number 2010319108
020 ## - INTERNATIONAL STANDARD BOOK NUMBER
International Standard Book Number 9788131407851 (pbk.)
020 ## - INTERNATIONAL STANDARD BOOK NUMBER
International Standard Book Number 8131407853 (pbk.)
025 ## - OVERSEAS ACQUISITION NUMBER
Overseas acquisition number I-E-2010-319108; 87-01
035 ## - SYSTEM CONTROL NUMBER
System control number (OCoLC)ocn294942418
035 ## - SYSTEM CONTROL NUMBER
System control number (OCoLC)294942418
037 ## - SOURCE OF ACQUISITION
Stock number Library of Congress -- New Delhi Overseas Office
Terms of availability Rs750.00
040 ## - CATALOGING SOURCE
Original cataloging agency DKAGE
Language of cataloging eng
Transcribing agency DKAGE
Modifying agency OCLCQ
-- DLC
042 ## - AUTHENTICATION CODE
Authentication code lccopycat
-- lcode
043 ## - GEOGRAPHIC AREA CODE
Geographic area code a-ii---
050 00 - LIBRARY OF CONGRESS CALL NUMBER
Classification number TF145
Item number .T43 2010
082 04 - DEWEY DECIMAL CLASSIFICATION NUMBER
Classification number 385.0954 RAN
Edition number 22
245 00 - TITLE STATEMENT
Title Technology in rail transport management /
Statement of responsibility, etc. edited by Prabha Shastri Ranade.
250 ## - EDITION STATEMENT
Edition statement 1st ed.
260 ## - PUBLICATION, DISTRIBUTION, ETC.
Place of publication, distribution, etc. Hyderabad :
Name of publisher, distributor, etc. Icfai University Press,
Date of publication, distribution, etc. 2010.
300 ## - PHYSICAL DESCRIPTION
Extent vii, 234 p. :
Other physical details ill., map ;
Dimensions 23 cm.
500 ## - GENERAL NOTE
General note "Icfai books."
504 ## - BIBLIOGRAPHY, ETC. NOTE
Bibliography, etc. note Includes bibliographical references and index.
505 0# - FORMATTED CONTENTS NOTE
Formatted contents note section 1. Global overview -- section 2. Indian scenario -- section 3. Metro rails in Indian cities.
520 ## - SUMMARY, ETC.
Summary, etc. Contributed articles predominantly with reference to India.
650 #0 - SUBJECT ADDED ENTRY--TOPICAL TERM
Topical term or geographic name entry element Railroads
General subdivision Technological innovations.
650 #0 - SUBJECT ADDED ENTRY--TOPICAL TERM
Topical term or geographic name entry element Railroads
General subdivision Technological innovations
Geographic subdivision India.
650 #0 - SUBJECT ADDED ENTRY--TOPICAL TERM
Topical term or geographic name entry element Railroads, Elevated
General subdivision Technological innovations
Geographic subdivision India.
700 1# - ADDED ENTRY--PERSONAL NAME
Personal name Ranade, Prabha Shastri.
856 41 - ELECTRONIC LOCATION AND ACCESS
Materials specified Table of contents only
Uniform Resource Identifier <a href="http://www.loc.gov/catdir/toc/fy12pdf02/2010319108.html">http://www.loc.gov/catdir/toc/fy12pdf02/2010319108.html</a>
906 ## - LOCAL DATA ELEMENT F, LDF (RLIN)
a 7
b cbc
c copycat
d 3
e ncip
f 20
g y-gencatlg
942 ## - ADDED ENTRY ELEMENTS (KOHA)
Source of classification or shelving scheme
Koha item type Book
Holdings
Withdrawn status Lost status Source of classification or shelving scheme Damaged status Not for loan Permanent Location Current Location Date acquired Total Checkouts Full call number Barcode Date last seen Price effective from Koha item type
          School of Civil and Environmental Engineering (SCEE) School of Civil and Environmental Engineering (SCEE) 03/31/2017   385.0954 RAN NIT-8261 03/31/2017 03/31/2017 Book
© 2023 Central Library, National University of Sciences and Technology. All Rights Reserved.